000 00634nam a22002177a 4500
001 00028717
005 20260406124603.0
008 260406b ag ||||| |||| 00| 0 spa d
020 _a8439521928
040 _aAR-CcCEOS
_bspa
_cAR-CcCEOS
041 _aspa
080 _a316
090 _bLEV v.2
100 1 _aLévi-Strauss, Claude
_9889
245 _aLas estructuras elementales del parentesco (II) /
_cClaude Lévi-Strauss
264 _aBuenos Aires :
_bPlaneta,
_cc1993.
300 _a575 p. ;
_c24x15 cm.
490 _vObras Maestras del Pensamiento Contemporaneo ; 24
655 0 _aliteratura
_919
942 _2udc
_cBK
_n0
999 _c28751
_d28751